[Event "London Central Minor"]
[Site "London"]
[Date "2022.11.06"]
[Round "5"]
[White "Carter, John"]
[Black "Rahman, Imran"]
[Result "0-1"]
[WhiteElo "1641"]
[BlackElo "1722"]
[PlyCount "152"]
[EventDate "2022.11.04"]
[EventType "swiss"]
[EventRounds "5"]
[EventCountry "ENG"]
[SourceTitle "EXT 2024"]
[Source "ChessBase"]
[SourceDate "2023.10.10"]
[SourceVersion "1"]
[SourceVersionDate "2023.10.10"]
[SourceQuality "1"]

1. e4 e5 2. Nf3 Nc6 3. Bb5 a6 4. Ba4 Nf6 5. 0-0 b5 6. Bb3 Bc5 7. c3 Qe7 8. d4 Ba7 9. Bg5 d6 10. a4 Bb7 11. axb5 axb5 12. d5 Nb8 13. Nbd2 Nbd7 14. Qe2 c6 15. dxc6 Bxc6 16. Bd5 Bxd5 17. exd5 0-0 18. Nd4 Bxd4 19. cxd4 Nb6 20. Qxb5 Nbxd5 21. Ne4 h6 22. Rxa8 Rxa8 23. Qc6 Rb8 24. Bxf6 Nxf6 25. Qxd6 Qxd6 26. Nxd6 exd4 27. Rb1 Nd5 28. g3 Nc3 29. Re1 Rxb2 30. Re8+ Kh7 31. Nxf7 d3 32. Rh8+ Kg6 33. Ne5+ Kf6 34. Nxd3 Rd2 35. Nf4 Ne4 36. Rf8+ Kg5 37. Ne6+ Kg6 38. Nf4+ Kh7 39. Ne6 Rd6 40. Re8 Nf6 41. Re7 Nd5 42. Re8 Kg6 43. Nd8 Nf6 44. Rf8 Nh7 45. Rh8 Rb6 46. Re8 Nf6 47. Re6 Rxe6 48. Nxe6 Kf7 49. Nd4 Kg6 50. h4 Kh5 51. Nf5 Kg6 52. Ne3 Ne4 53. g4 Nd6 54. f4 h5 55. f5+ Kf6 56. g5+ Ke5 57. f6 gxf6 58. g6 Ke6 59. Kf2 f5 60. Nd5 Ne4+ 61. Kf3 Kxd5 62. g7 Nf6 63. Kf4 Ke6 64. Kg5 Kf7 65. g8Q+ Nxg8 66. Kxf5 Kg7 67. Ke5 Kg6 68. Kf4 Kf6 69. Kg3 Kf5 70. Kf3 Nf6 71. Kg3 Nd7 72. Kf3 Ne5+ 73. Kg3 Ke4 74. Kg2 Kf4 75. Kh3 Kf3 76. Kh2 Kg4 0-1

[Event "London Weekend U1800 7th"]
[Site "London"]
[Date "2015.12.06"]
[Round "5.4"]
[White "Carter, John"]
[Black "Balouka Myers, Gabriel"]
[Result "1-0"]
[WhiteElo "1720"]
[BlackElo "1715"]
[PlyCount "93"]
[EventDate "2015.12.04"]
[EventType "swiss"]
[EventRounds "5"]
[EventCountry "ENG"]
[SourceTitle "EXT 2023"]
[Source "ChessBase"]
[SourceDate "2022.10.05"]
[SourceVersion "1"]
[SourceVersionDate "2022.10.05"]
[SourceQuality "1"]

1. d4 d5 2. c4 e6 3. Nc3 c6 4. Nf3 dxc4 5. a4 Bb4 6. Bd2 a5 7. e4 b5 8. axb5 Bxc3 9. Bxc3 cxb5 10. b3 Bb7 11. d5 Nf6 12. bxc4 b4 13. Bd4 0-0 14. Bd3 Re8 15. 0-0 Nbd7 16. Qc2 e5 17. Be3 Qc7 18. c5 Bxd5 19. exd5 e4 20. Bxe4 Nxe4 21. c6 Ndf6 22. Rfd1 Red8 23. g3 Nc3 24. Bf4 Qb6 25. Be3 Qa6 26. c7 Rd7 27. Ne5 Rxc7 28. d6 Ne2+ 29. Qxe2 Qxe2 30. dxc7 Qa6 31. Rd8+ Ne8 32. Rc1 Rc8 33. Nc6 f6 34. Rxc8 Qxc8 35. Ne7+ Kf7 36. Nxc8 b3 37. Bd4 a4 38. Bb2 Ke6 39. Nb6 Nxc7 40. Rxc7 Kd6 41. Rxg7 Kc5 42. Nxa4+ Kc4 43. Rd7 f5 44. Rd4+ Kb5 45. Kf1 Ka5 46. Ke2 Kb5 47. Kd3 1-0

[Event "London Weekend U1800 7th"]
[Site "London"]
[Date "2015.12.05"]
[Round "3.16"]
[White "Carter, John"]
[Black "Hotarek, Jaroslav"]
[Result "1-0"]
[WhiteElo "1720"]
[BlackElo "1645"]
[PlyCount "85"]
[EventDate "2015.12.04"]
[EventType "swiss"]
[EventRounds "5"]
[EventCountry "ENG"]
[SourceTitle "EXT 2023"]
[Source "ChessBase"]
[SourceDate "2022.10.05"]
[SourceVersion "1"]
[SourceVersionDate "2022.10.05"]
[SourceQuality "1"]

1. e4 e5 2. Nf3 Nc6 3. Bb5 d6 4. d4 Bd7 5. c3 a6 6. Ba4 b5 7. Bb3 exd4 8. Ng5 Nh6 9. 0-0 Be7 10. f4 0-0 11. cxd4 Na5 12. Bc2 f6 13. Nf3 Bg4 14. Nc3 c6 15. Qe1 Qb6 16. Kh1 Bd8 17. f5 Nf7 18. Qh4 Bxf3 19. Rxf3 Qxd4 20. Rh3 h6 21. Rd3 Qe5 22. Bf4 Qe7 23. Rad1 Bc7 24. Rg3 Ng5 25. Qg4 Qf7 26. h4 h5 27. Qe2 d5 28. hxg5 Bxf4 29. g6 Qc7 30. Qxh5 Bh6 31. Rgd3 b4 32. Na4 dxe4 33. Rd7 Qf4 34. Nc5 Qg5 35. Qh3 Rfe8 36. Ne6 Rxe6 37. fxe6 Qxg6 38. Rd8+ Rxd8 39. Rxd8+ Kh7 40. e7 Qg5 41. Bxe4+ g6 42. e8Q Qc1+ 43. Kh2 1-0

[Event "London Golders Green op U1900 3rd"]
[Site "London"]
[Date "2014.05.04"]
[Round "4"]
[White "Carter, John"]
[Black "Joslin, Tim M"]
[Result "0-1"]
[WhiteElo "1716"]
[BlackElo "1829"]
[PlyCount "108"]
[EventDate "2014.05.03"]
[EventType "swiss"]
[EventRounds "6"]
[EventCountry "ENG"]
[SourceTitle "EXT 2018"]
[Source "ChessBase"]
[SourceDate "2017.10.13"]
[SourceVersion "1"]
[SourceVersionDate "2017.10.13"]
[SourceQuality "1"]

1. d4 Nf6 2. Nf3 e6 3. c4 b6 4. g3 Ba6 5. Nbd2 Bb4 6. Qc2 Bb7 7. Bg2 Be4 8. Qb3 Nc6 9. 0-0 Bxd2 10. Bxd2 Bxf3 11. Qxf3 Nxd4 12. Qxa8 Qxa8 13. Bxa8 Nxe2+ 14. Kh1 c6 15. Rfe1 Nd4 16. Red1 Ne4 17. Kg2 a5 18. f3 Nc5 19. b4 axb4 20. Bxb4 Nc2 21. Bxc5 bxc5 22. Bb7 Nxa1 23. Rxa1 Kd8 24. Rb1 Kc7 25. Ba6 Ra8 26. Rb7+ Kd6 27. Rb6 Ra7 28. a4 Kc7 29. a5 d5 30. cxd5 cxd5 31. f4 c4 32. Kf2 h6 33. Ke3 g5 34. Kd4 gxf4 35. gxf4 h5 36. h4 Ra8 37. Kc5 c3 38. Rc6+ Kd7 39. Rd6+ Ke7 40. Rc6 Rxa6 41. Rxa6 c2 42. Ra7+ Kf6 43. a6 c1Q+ 44. Kb6 Qxf4 45. Rb7 Qxh4 46. a7 Qb4+ 47. Kc7 Qa5+ 48. Kc8 h4 49. Rc7 h3 50. Kb7 Qb5+ 51. Kc8 h2 52. Rb7 Qa6 53. Kb8 Qd6+ 54. Ka8 h1Q 0-1

[Event "London Golders Green op U1900 3rd"]
[Site "London"]
[Date "2014.05.04"]
[Round "3"]
[White "Jayawarna, Nugith"]
[Black "Carter, John"]
[Result "0-1"]
[WhiteElo "1817"]
[BlackElo "1716"]
[PlyCount "116"]
[EventDate "2014.05.03"]
[EventType "swiss"]
[EventRounds "6"]
[EventCountry "ENG"]
[SourceTitle "EXT 2018"]
[Source "ChessBase"]
[SourceDate "2017.10.13"]
[SourceVersion "1"]
[SourceVersionDate "2017.10.13"]
[SourceQuality "1"]

1. c4 Nf6 2. g3 c6 3. Bg2 d5 4. d4 dxc4 5. Na3 e5 6. dxe5 Qxd1+ 7. Kxd1 Ng4 8. Nh3 Bxa3 9. bxa3 Nxe5 10. Bb2 f6 11. Nf4 0-0 12. Rc1 Rd8+ 13. Ke1 Bf5 14. Nh3 b5 15. Ng1 Re8 16. Bxe5 Rxe5 17. Nf3 Re8 18. Nd4 Be4 19. f3 Bd5 20. Kf2 a6 21. Bh3 c5 22. Nf5 Nc6 23. Nd6 Re5 24. Rhe1 Rh5 25. Kg2 Nd4 26. e4 Bc6 27. Nf5 Re8 28. Bg4 Rg5 29. h4 Rxg4 30. fxg4 Rxe4 31. Rxe4 Bxe4+ 32. Kf2 Nxf5 33. gxf5 Bxf5 34. a4 Kf7 35. axb5 axb5 36. Ke3 Bd3 37. a4 bxa4 38. Kd2 Ke6 39. Ra1 Kf5 40. Rxa4 Kg4 41. Ra7 Kxg3 42. Rxg7+ Kxh4 43. Rf7 Kg5 44. Ra7 Kf4 45. Rf7 Ke5 46. Re7+ Kd6 47. Rf7 Ke6 48. Rc7 h5 49. Rxc5 f5 50. Rc6+ Ke5 51. Rh6 Kd4 52. Rxh5 c3+ 53. Kc1 f4 54. Rh8 f3 55. Rf8 Ke3 56. Re8+ Be4 57. Rc8 c2 58. Rf8 f2 0-1